[Event "Ch France 2018"]
[Site "?"]
[Date "2018.08.26"]
[Round "9.4"]
[White "Le Roux, Jean-Pierre"]
[Black "Fressinet, Laurent"]
[Result "0-1"]
[BlackElo "2645"]
[WhiteElo "2539"]
[LiveChessVersion "1.4.8"]

1. Nf3 {[%clk 1:27:58]} d5 {[%clk 1:29:43]} 2. g3 {[%clk 1:27:53]} Nf6
{[%clk 1:29:20]} 3. Bg2 {[%clk 1:26:32]} e6 {[%clk 1:29:44]} 4. O-O
{[%clk 1:26:48]} Be7 {[%clk 1:30:09]} 5. d4 {[%clk 1:27:10]} O-O {[%clk 1:27:11]}
6. Nbd2 {[%clk 1:27:07]} b6 {[%clk 1:21:14]} 7. c4 {[%clk 1:23:19]} c6
{[%clk 1:19:44]} 8. Ne5 {[%clk 1:17:32]} Nfd7 {[%clk 1:14:39]} 9. Nd3
{[%clk 1:16:21]} Nf6 {[%clk 1:06:53]} 10. Ne5 {[%clk 1:12:01]} Bb7
{[%clk 0:59:57]} 11. e4 {[%clk 1:04:33]} dxc4 {[%clk 0:54:26]} 12. Ndxc4
{[%clk 1:02:14]} b5 {[%clk 0:49:22]} 13. Ne3 {[%clk 1:00:29]} Nbd7
{[%clk 0:49:48]} 14. Nd3 {[%clk 0:53:32]} Qb6 {[%clk 0:44:54]} 15. e5
{[%clk 0:49:55]} Ne8 {[%clk 0:43:17]} 16. a4 {[%clk 0:34:03]} c5 {[%clk 0:32:48]}
17. a5 {[%clk 0:23:07]} Qa6 {[%clk 0:27:11]} 18. d5 {[%clk 0:23:02]} c4
{[%clk 0:24:10]} 19. d6 {[%clk 0:22:05]} Bxd6 {[%clk 0:24:04]} 20. Nb4
{[%clk 0:10:10]} Bxb4 {[%clk 0:23:46]} 21. Qxd7 {[%clk 0:10:36]} Bxg2
{[%clk 0:22:25]} 22. Nxg2 {[%clk 0:10:57]} Nf6 {[%clk 0:19:07]} 23. Qd1
{[%clk 0:07:41]} Rfd8 {[%clk 0:18:17]} 24. Qe2 {[%clk 0:06:23]} Nd5
{[%clk 0:18:23]} 25. Qg4 {[%clk 0:05:03]} Bf8 {[%clk 0:15:53]} 26. Bg5
{[%clk 0:05:09]} Rd7 {[%clk 0:15:27]} 27. Rfd1 {[%clk 0:04:53]} Qc6
{[%clk 0:14:58]} 28. Rd4 {[%clk 0:03:05]} c3 {[%clk 0:12:48]} 29. bxc3
{[%clk 0:03:20]} Nxc3 {[%clk 0:12:32]} 30. Rxd7 {[%clk 0:03:23]} Qxd7
{[%clk 0:13:01]} 31. Nf4 {[%clk 0:03:16]} Qd4 {[%clk 0:11:13]} 32. Re1
{[%clk 0:02:35]} b4 {[%clk 0:09:14]} 33. Qf3 {[%clk 0:01:07]} Rb8
{[%clk 0:08:10]} 0-1

[Event "Ch France 2018"]
[Site "?"]
[Date "2018.08.26"]
[Round "9.5"]
[White "Loiseau, Quentin"]
[Black "Maze, Sebastien"]
[Result "1/2-1/2"]
[BlackElo "2612"]
[WhiteElo "2417"]
[LiveChessVersion "1.4.8"]

1. e4 {[%clk 1:30:55]} c5 {[%clk 1:28:37]} 2. Nf3 {[%clk 1:30:51]} Nc6
{[%clk 1:27:52]} 3. d4 {[%clk 1:30:10]} cxd4 {[%clk 1:27:54]} 4. Nxd4
{[%clk 1:30:31]} g6 {[%clk 1:28:21]} 5. c4 {[%clk 1:29:43]} Bg7 {[%clk 1:27:43]}
6. Be3 {[%clk 1:29:57]} Nf6 {[%clk 1:28:07]} 7. Nc3 {[%clk 1:30:14]} O-O
{[%clk 1:28:31]} 8. Be2 {[%clk 1:30:24]} d6 {[%clk 1:28:56]} 9. O-O
{[%clk 1:30:14]} Bd7 {[%clk 1:29:22]} 10. Qd2 {[%clk 1:30:03]} Nxd4
{[%clk 1:28:31]} 11. Bxd4 {[%clk 1:30:14]} Bc6 {[%clk 1:28:58]} 12. Bd3
{[%clk 1:30:11]} a5 {[%clk 1:28:57]} 13. Rae1 {[%clk 1:30:10]} Nd7
{[%clk 1:29:15]} 14. Bxg7 {[%clk 1:30:22]} Kxg7 {[%clk 1:29:43]} 15. Re3
{[%clk 1:30:32]} h6 {[%clk 1:23:21]} 16. b3 {[%clk 1:30:42]} Nf6 {[%clk 1:15:18]}
17. Be2 {[%clk 1:26:00]} Qb6 {[%clk 1:07:54]} 18. Nd5 {[%clk 1:22:10]} Bxd5
{[%clk 1:07:22]} 19. exd5 {[%clk 1:21:39]} Rfe8 {[%clk 1:07:50]} 20. Re1
{[%clk 1:19:17]} Qb4 {[%clk 1:05:26]} 21. Qc1 {[%clk 1:18:00]} e5
{[%clk 1:03:20]} 22. dxe6 {[%clk 1:17:48]} Rxe6 {[%clk 1:03:48]} 23. Bf3
{[%clk 1:15:01]} Rae8 {[%clk 1:01:30]} 24. Rxe6 {[%clk 1:14:18]} Rxe6
{[%clk 1:01:58]} 25. Rxe6 {[%clk 0:59:33]} fxe6 {[%clk 1:02:26]} 26. Qe3
{[%clk 0:59:13]} e5 {[%clk 1:02:41]} 27. g3 {[%clk 0:59:10]} b6 {[%clk 1:02:58]}
28. Kg2 {[%clk 0:54:53]} Qc5 {[%clk 0:58:36]} 29. Qc3 {[%clk 0:53:02]} Kf7
{[%clk 0:56:44]} 30. Qd2 {[%clk 0:50:47]} e4 {[%clk 0:51:23]} 31. Be2
{[%clk 0:50:56]} g5 {[%clk 0:51:49]} 32. Qb2 {[%clk 0:50:01]} e3 {[%clk 0:36:31]}
33. fxe3 {[%clk 0:41:54]} Qxe3 {[%clk 0:36:27]} 34. Bf3 {[%clk 0:42:12]} h5
{[%clk 0:24:52]} 35. Qc2 {[%clk 0:30:28]} g4 {[%clk 0:20:53]} 36. Bd5+ Kg7
{[%clk 0:21:05]} 37. Qf5 {[%clk 0:21:52]} b5 {[%clk 0:14:52]} 38. a3
{[%clk 0:13:28]} b4 {[%clk 0:08:44]} 39. axb4 {[%clk 0:13:35]} axb4
{[%clk 0:09:13]} 40. Kf1 {[%clk 0:12:59]} Qc1+ {[%clk 0:03:42]} 41. Kg2
{[%clk 0:13:13]} Qb2+ {[%clk 0:02:02]} 42. Kf1 {[%clk 0:13:37]} Qa1+
{[%clk 0:02:27]} 43. Kg2 {[%clk 0:13:54]} Qb2+ {[%clk 0:07:33]} 44. Kf1
{[%clk 0:43:31]} Qd4 {[%clk 0:04:34]} 45. Kg2 {[%clk 0:41:57]} Kh6
{[%clk 0:04:47]} 46. Qe6 {[%clk 0:36:31]} Qd2+ {[%clk 0:01:35]} 47. Kg1
{[%clk 0:32:12]} Qd1+ {[%clk 0:00:36]} 1/2-1/2

[Event "Ch France 2018 - Vétérans"]
[Site "?"]
[Date "2018.08.26"]
[Round "9.1"]
[White "Saucey, Michel"]
[Black "Vareille, Francois"]
[Result "1/2-1/2"]
[BlackElo "2421"]
[WhiteElo "2283"]
[LiveChessVersion "1.4.4"]

1. d4 {[%clk 1:30:59]} Nf6 {[%clk 1:30:55]} 2. c4 {[%clk 1:31:24]} g6
{[%clk 1:31:20]} 3. Nc3 {[%clk 1:31:47]} d5 {[%clk 1:31:42]} 4. Bf4
{[%clk 1:32:08]} Bg7 {[%clk 1:32:03]} 5. e3 {[%clk 1:32:34]} O-O {[%clk 1:32:23]}
6. Rc1 {[%clk 1:33:01]} Be6 {[%clk 1:32:43]} 7. c5 {[%clk 1:31:19]} c6
{[%clk 1:32:47]} 8. Bd3 {[%clk 1:30:54]} b6 {[%clk 1:31:13]} 9. cxb6
{[%clk 1:27:06]} axb6 {[%clk 1:28:44]} 10. h3 {[%clk 1:15:41]} c5
{[%clk 1:28:12]} 11. Nf3 {[%clk 1:15:32]} Nc6 {[%clk 1:28:03]} 12. Ne5
{[%clk 1:02:20]} Nxe5 {[%clk 1:27:40]} 13. Bxe5 {[%clk 1:02:46]} Bc8
{[%clk 1:25:04]} 14. O-O {[%clk 1:02:49]} e6 {[%clk 1:24:35]} 15. b3
{[%clk 1:01:19]} cxd4 {[%clk 1:22:06]} 16. exd4 {[%clk 1:01:28]} Ne8
{[%clk 1:20:07]} 17. Bxg7 {[%clk 1:01:53]} Kxg7 {[%clk 1:20:29]} 18. Qe2
{[%clk 1:01:38]} Nd6 {[%clk 1:20:19]} 19. Nb5 {[%clk 1:01:24]} Nxb5
{[%clk 1:20:23]} 20. Bxb5 {[%clk 1:01:50]} Bd7 {[%clk 1:19:48]} 21. Bd3
{[%clk 1:01:36]} Qf6 {[%clk 1:17:53]} 22. Rfd1 {[%clk 1:01:06]} Rfc8
{[%clk 1:18:09]} 23. Rxc8 {[%clk 1:01:21]} Rxc8 {[%clk 1:18:27]} 24. Ba6
{[%clk 1:01:20]} Ra8 {[%clk 1:18:18]} 25. Bd3 {[%clk 1:01:39]} Rc8
{[%clk 1:18:38]} 1/2-1/2

[Event "Ch France 2018 - Vétérans"]
[Site "?"]
[Date "2018.08.26"]
[Round "9.2"]
[White "Prie, Eric"]
[Black "Boulos, Jean"]
[Result "1-0"]
[BlackElo "1784"]
[WhiteElo "2480"]
[LiveChessVersion "1.4.4"]

1. d4 {[%clk 1:30:53]} Nf6 {[%clk 1:30:53]} 2. Nf3 {[%clk 1:31:15]} d6
{[%clk 1:29:03]} 3. Nc3 {[%clk 1:31:35]} g6 {[%clk 1:28:14]} 4. e4
{[%clk 1:31:55]} Bg7 {[%clk 1:30:30]} 5. Be3 {[%clk 1:30:30]} O-O
{[%clk 1:24:59]} 6. Qd2 {[%clk 1:33:18]} Ng4 {[%clk 1:22:44]} 7. Bg5
{[%clk 1:33:37]} f6 {[%clk 1:22:14]} 8. Bh4 {[%clk 1:02:58]} c6 {[%clk 1:07:40]}
9. Bc4+ {[%clk 0:55:25]} Kh8 {[%clk 1:07:05]} 10. O-O {[%clk 0:55:23]} Qc7
{[%clk 1:03:09]} 11. a4 {[%clk 0:51:15]} b6 {[%clk 1:01:09]} 12. Rfe1
{[%clk 0:51:31]} e5 {[%clk 0:56:46]} 13. d5 {[%clk 0:42:29]} c5 {[%clk 0:54:23]}
14. a5 {[%clk 0:42:54]} a6 {[%clk 0:49:48]} 15. axb6 {[%clk 0:39:59]} Qxb6
{[%clk 0:50:00]} 16. Ra3 {[%clk 0:35:29]} Rf7 {[%clk 0:44:33]} 17. Rb3
{[%clk 0:34:10]} Qa5 {[%clk 0:42:03]} 18. Nb1 {[%clk 0:32:38]} Qxd2
{[%clk 0:26:47]} 19. Nbxd2 {[%clk 0:32:55]} Rb7 {[%clk 0:27:13]} 20. Rxb7
{[%clk 0:31:56]} Bxb7 {[%clk 0:27:37]} 21. Be2 {[%clk 0:31:47]} Nd7
{[%clk 0:24:58]} 22. Nc4 {[%clk 0:31:43]} Bf8 {[%clk 0:25:06]} 23. Nfd2
{[%clk 0:30:00]} Nh6 {[%clk 0:25:03]} 24. Ra1 {[%clk 0:26:42]} Kg7
{[%clk 0:22:46]} 25. Ra3 {[%clk 0:26:23]} Bc8 {[%clk 0:19:44]} 26. f3
{[%clk 0:22:34]} Nf7 {[%clk 0:19:49]} 27. Na5 {[%clk 0:21:52]} Be7
{[%clk 0:17:25]} 28. Nc6 {[%clk 0:21:42]} Bd8 {[%clk 0:17:11]} 29. Nxd8
{[%clk 0:19:47]} Nxd8 {[%clk 0:17:34]} 30. Nc4 {[%clk 0:20:12]} Nf7
{[%clk 0:15:25]} 31. Be1 {[%clk 0:20:18]} Kf8 {[%clk 0:15:47]} 32. Rb3
{[%clk 0:18:51]} Ke7 {[%clk 0:15:18]} 33. Na5 {[%clk 0:19:10]} Nd8
{[%clk 0:14:00]} 34. Bc4 {[%clk 0:16:26]} Rb8 {[%clk 0:14:16]} 35. Nc6+
{[%clk 0:16:31]} Nxc6 {[%clk 0:14:38]} 36. dxc6 {[%clk 0:16:54]} Nb6
{[%clk 0:09:56]} 37. c7 {[%clk 0:15:32]} 1-0

[Event "Ch France 2018 - Vétérans"]
[Site "?"]
[Date "2018.08.26"]
[Round "9.3"]
[White "Dussol, Pierre"]
[Black "Legrand, Stephane"]
[Result "1/2-1/2"]
[BlackElo "2053"]
[WhiteElo "2096"]
[LiveChessVersion "1.4.4"]

1. d4 {[%clk 1:28:58]} e6 {[%clk 1:30:48]} 2. Nf3 {[%clk 1:28:44]} Nf6
{[%clk 1:30:12]} 3. e3 {[%clk 1:27:19]} b6 {[%clk 1:29:57]} 4. Bd3
{[%clk 1:27:00]} Bb7 {[%clk 1:30:22]} 5. O-O {[%clk 1:26:12]} d6 {[%clk 1:29:50]}
6. b3 {[%clk 1:24:29]} g6 {[%clk 1:28:39]} 7. Bb2 {[%clk 1:12:36]} Bg7
{[%clk 1:28:51]} 8. Nbd2 {[%clk 1:12:09]} O-O {[%clk 1:28:59]} 9. c4
{[%clk 1:07:50]} Nc6 {[%clk 1:26:48]} 10. a3 {[%clk 1:03:32]} e5 {[%clk 1:21:01]}
11. d5 {[%clk 0:57:15]} Ne7 {[%clk 1:18:53]} 12. e4 {[%clk 0:56:36]} Nh5
{[%clk 1:18:39]} 13. g3 {[%clk 0:49:29]} Bc8 {[%clk 1:11:21]} 14. Nh4
{[%clk 0:44:49]} Bh3 {[%clk 1:01:52]} 15. Re1 {[%clk 0:43:55]} Bh6
{[%clk 0:58:15]} 16. Be2 {[%clk 0:36:03]} Ng7 {[%clk 0:56:34]} 17. Bc3
{[%clk 0:26:45]} g5 {[%clk 0:50:48]} 18. Ng2 {[%clk 0:26:14]} f5 {[%clk 0:49:27]}
19. exf5 {[%clk 0:26:24]} Ngxf5 {[%clk 0:40:27]} 20. Ne4 {[%clk 0:23:33]} Nd4
{[%clk 0:37:22]} 21. Bxd4 {[%clk 0:21:45]} exd4 {[%clk 0:37:47]} 22. Bg4
{[%clk 0:20:04]} Bxg4 {[%clk 0:37:10]} 23. Qxg4 {[%clk 0:20:30]} Ng6
{[%clk 0:37:22]} 24. Qh5 {[%clk 0:14:34]} Kg7 {[%clk 0:36:58]} 25. Rad1
{[%clk 0:10:40]} Ne5 {[%clk 0:34:57]} 26. f4 {[%clk 0:09:52]} gxf4
{[%clk 0:35:01]} 27. gxf4 {[%clk 0:07:07]} Bxf4 {[%clk 0:34:48]} 28. Nxf4
{[%clk 0:07:20]} Rxf4 {[%clk 0:35:09]} 29. Ng5 {[%clk 0:07:26]} Qg8
{[%clk 0:29:06]} 30. Kh1 {[%clk 0:05:44]} Kh8 {[%clk 0:29:26]} 31. Ne6
{[%clk 0:04:12]} Rf2 {[%clk 0:25:10]} 32. Rg1 {[%clk 0:04:24]} Qf7
{[%clk 0:25:28]} 33. Qxf7 {[%clk 0:04:11]} Rxf7 {[%clk 0:25:43]} 34. Nxd4
{[%clk 0:03:58]} a5 {[%clk 0:12:04]} 35. a4 {[%clk 0:03:49]} Nd7 {[%clk 0:11:16]}
36. Rg3 {[%clk 0:03:13]} Nc5 {[%clk 0:09:24]} 37. Re1 {[%clk 0:03:15]} Raf8
{[%clk 0:07:09]} 38. Rge3 {[%clk 0:02:31]} Kg7 {[%clk 0:02:47]} 39. Nb5
{[%clk 0:01:26]} Na6 {[%clk 0:02:30]} 40. R1e2 {[%clk 0:00:53]} Rf3
{[%clk 0:00:56]} 41. Kg2 {[%clk 0:30:30]} Rxe3 {[%clk 0:31:00]} 42. Rxe3
{[%clk 0:30:50]} Rf7 {[%clk 0:31:06]} 43. Kg3 {[%clk 0:26:48]} Kg6
{[%clk 0:28:18]} 44. Re8 {[%clk 0:15:04]} Nc5 {[%clk 0:26:16]} 45. Rc8
{[%clk 0:14:26]} Nxb3 {[%clk 0:19:21]} 46. Nxc7 {[%clk 0:14:10]} Nc5
{[%clk 0:18:19]} 47. Nb5 {[%clk 0:13:42]} Ne4+ {[%clk 0:17:30]} 48. Kg2
{[%clk 0:13:38]} Rf2+ {[%clk 0:14:44]} 49. Kg1 {[%clk 0:13:59]} Rc2
{[%clk 0:15:04]} 50. Rc6 {[%clk 0:09:18]} Kg5 {[%clk 0:11:20]} 51. Nxd6
{[%clk 0:06:53]} Nxd6 {[%clk 0:11:03]} 52. Rxd6 {[%clk 0:07:20]} Rxc4
{[%clk 0:11:26]} 53. Rxb6 1/2-1/2

[Event "Ch France 2018 - Open A"]
[Site "?"]
[Date "2018.08.26"]
[Round "9.2"]
[White "Baillot, Justin"]
[Black "Pham, Arthur"]
[Result "1/2-1/2"]
[BlackElo "2107"]
[WhiteElo "2101"]
[LiveChessVersion "1.4.4"]

1. e4 {[%clk 1:30:56]} c5 {[%clk 1:30:53]} 2. Nf3 {[%clk 1:31:20]} d6
{[%clk 1:31:19]} 3. d4 {[%clk 1:31:43]} cxd4 {[%clk 1:31:43]} 4. Nxd4
{[%clk 1:32:08]} Nf6 {[%clk 1:32:06]} 5. Nc3 {[%clk 1:32:33]} g6 {[%clk 1:32:33]}
6. g3 {[%clk 1:32:57]} Bg7 {[%clk 1:27:28]} 7. Bg2 {[%clk 1:33:21]} O-O
{[%clk 1:24:05]} 8. O-O {[%clk 1:33:43]} Qd7 {[%clk 1:16:16]} 9. h3
{[%clk 1:33:31]} Nc6 {[%clk 1:16:10]} 10. Nde2 {[%clk 1:33:16]} b6
{[%clk 1:15:20]} 11. b3 {[%clk 1:28:20]} Bb7 {[%clk 1:11:50]} 12. Bb2
{[%clk 1:28:24]} e6 {[%clk 1:00:50]} 13. Qd2 {[%clk 1:26:14]} Rfd8
{[%clk 0:59:31]} 14. Rad1 {[%clk 1:18:13]} Ne7 {[%clk 0:57:41]} 15. e5
{[%clk 1:05:37]} Ne8 {[%clk 0:48:37]} 16. Ne4 {[%clk 1:04:47]} Nc6
{[%clk 0:42:44]} 17. f4 {[%clk 0:47:51]} Qc8 {[%clk 0:39:08]} 18. Nf6+
{[%clk 0:47:17]} Nxf6 {[%clk 0:39:08]} 19. exf6 {[%clk 0:47:41]} Bf8
{[%clk 0:39:34]} 20. h4 {[%clk 0:34:53]} Na5 {[%clk 0:38:52]} 21. h5
{[%clk 0:31:09]} Qc5+ {[%clk 0:33:51]} 22. Nd4 {[%clk 0:27:12]} Bxg2
{[%clk 0:31:42]} 23. Kxg2 Qd5+ {[%clk 0:30:52]} 24. Nf3 {[%clk 0:27:15]} Qxh5
{[%clk 0:28:34]} 25. Ng5 {[%clk 0:26:07]} h6 {[%clk 0:24:03]} 26. Rh1
{[%clk 0:25:39]} Qg4 {[%clk 0:24:29]} 27. Rh4 {[%clk 0:24:44]} Qf5
{[%clk 0:24:45]} 28. Nf3 {[%clk 0:24:49]} Rac8 {[%clk 0:24:25]} 29. c4
{[%clk 0:24:53]} Nxc4 {[%clk 0:21:37]} 30. bxc4 {[%clk 0:24:01]} Rxc4
{[%clk 0:21:55]} 31. Nd4 {[%clk 0:19:04]} Qd5+ {[%clk 0:19:05]} 32. Nf3
{[%clk 0:19:28]} Qc6 {[%clk 0:17:47]} 33. Rc1 {[%clk 0:19:41]} Rxc1
{[%clk 0:17:16]} 34. Qxc1 {[%clk 0:18:31]} Qxc1 35. Bxc1 Rc8 1/2-1/2

[Event "Ch France 2018 - Open A"]
[Site "?"]
[Date "2018.08.26"]
[Round "9.3"]
[White "Giacomini, Hector"]
[Black "Weill, Roland"]
[Result "1-0"]
[BlackElo "2138"]
[WhiteElo "2196"]
[LiveChessVersion "1.4.4"]

1. Nf3 {[%clk 1:30:57]} g6 {[%clk 1:26:27]} 2. d4 {[%clk 1:31:11]} Bg7
{[%clk 1:26:51]} 3. e4 {[%clk 1:31:22]} d6 {[%clk 1:27:05]} 4. c3
{[%clk 1:31:41]} Nf6 {[%clk 1:27:04]} 5. Bd3 {[%clk 1:31:39]} O-O
{[%clk 1:26:37]} 6. O-O {[%clk 1:31:52]} Nc6 {[%clk 1:26:16]} 7. h3
{[%clk 1:31:27]} e5 {[%clk 1:25:23]} 8. Nbd2 {[%clk 1:30:58]} d5 {[%clk 1:09:52]}
9. Nxe5 {[%clk 1:26:09]} Nxe5 {[%clk 1:09:52]} 10. dxe5 {[%clk 1:26:09]} Nxe4
{[%clk 1:09:52]} 11. Nf3 {[%clk 1:26:09]} f5 {[%clk 1:09:52]} 12. c4
{[%clk 1:26:09]} Nc5 {[%clk 1:09:52]} 13. Bg5 {[%clk 1:26:09]} Qd7
{[%clk 1:09:52]} 14. cxd5 {[%clk 1:26:09]} Qxd5 {[%clk 1:09:52]} 15. Bc2
{[%clk 1:26:09]} Qxd1 {[%clk 1:09:52]} 16. Rfxd1 {[%clk 1:26:09]} Ne6
{[%clk 1:09:52]} 17. Bb3 {[%clk 1:26:09]} Kh8 {[%clk 1:09:52]} 18. Rac1
{[%clk 1:26:09]} Nxg5 {[%clk 1:09:52]} 19. Nxg5 {[%clk 1:26:09]} Bxe5
{[%clk 1:09:52]} 20. Nf7+ {[%clk 1:26:09]} Rxf7 {[%clk 1:09:52]} 21. Bxf7
{[%clk 1:26:09]} Kg7 {[%clk 1:09:52]} 22. Bb3 {[%clk 1:26:09]} Bd6
{[%clk 1:09:52]} 23. Rxd6 {[%clk 1:26:09]} cxd6 {[%clk 1:09:52]} 24. Rc7+
{[%clk 1:26:09]} Kf6 {[%clk 1:09:52]} 25. Rxh7 {[%clk 1:26:09]} Be6
{[%clk 1:09:52]} 26. Bxe6 {[%clk 1:26:09]} Kxe6 {[%clk 1:09:52]} 27. Rxb7
{[%clk 1:26:09]} a5 {[%clk 1:09:52]} 28. Rb5 {[%clk 1:26:09]} a4 {[%clk 1:09:52]}
29. g4 {[%clk 1:26:09]} fxg4 {[%clk 1:09:52]} 30. hxg4 {[%clk 1:26:09]} Rc8
{[%clk 1:09:52]} 31. Kg2 {[%clk 1:26:09]} Rc2 {[%clk 1:09:52]} 32. Kg3
{[%clk 1:26:09]} a3 {[%clk 1:09:52]} 33. bxa3 {[%clk 1:26:09]} Rxa2
{[%clk 1:09:52]} 34. Rb3 g5 {[%clk 0:11:47]} 35. f4 {[%clk 0:37:37]} gxf4+
{[%clk 0:09:36]} 36. Kxf4 {[%clk 0:37:32]} Kf6 {[%clk 0:08:09]} 37. Rd3
{[%clk 0:36:21]} d5 {[%clk 0:07:37]} 38. Rb3 {[%clk 0:29:31]} Rf2+
{[%clk 0:06:27]} 39. Rf3 {[%clk 0:29:45]} Ra2 {[%clk 0:06:21]} 40. g5+
{[%clk 0:25:28]} Kg6 {[%clk 0:05:55]} 41. Rg3 {[%clk 0:21:08]} Ra1
{[%clk 0:01:00]} 42. Ke5 {[%clk 0:20:21]} Rd1 {[%clk 0:01:24]} 43. Rg4
{[%clk 0:08:57]} Ra1 {[%clk 0:29:47]} 44. a4 {[%clk 0:33:06]} d4 {[%clk 0:28:59]}
45. Rxd4 {[%clk 0:33:27]} Kxg5 {[%clk 0:29:23]} 46. Rb4 {[%clk 0:33:38]} Ra2
{[%clk 0:28:52]} 47. Kd6 {[%clk 0:31:18]} Kf6 {[%clk 0:27:41]} 48. Re4
{[%clk 0:28:07]} Rc2 {[%clk 0:23:42]} 49. a5 {[%clk 0:26:27]} Ra2
{[%clk 0:23:59]} 50. Re5 {[%clk 0:26:49]} Rd2+ {[%clk 0:21:42]} 51. Rd5
{[%clk 0:27:11]} Ra2 {[%clk 0:22:06]} 52. Rb5 {[%clk 0:27:12]} Rc2
{[%clk 0:18:59]} 53. a6 {[%clk 0:25:47]} Ra2 {[%clk 0:19:22]} 54. Rb6
{[%clk 0:26:12]} Ra1 {[%clk 0:18:55]} 55. Kc7+ {[%clk 0:26:13]} 1-0

[Event "Ch France 2018 - Open A"]
[Site "?"]
[Date "2018.08.26"]
[Round "9.4"]
[White "Pottier, Simeon"]
[Black "El Mchaouri Mas, Younes"]
[Result "1-0"]
[BlackElo "2120"]
[WhiteElo "2092"]
[LiveChessVersion "1.4.4"]

1. d4 {[%clk 1:30:23]} g6 {[%clk 1:30:52]} 2. c4 {[%clk 1:30:48]} Bg7
{[%clk 1:31:17]} 3. e4 {[%clk 1:31:13]} d6 {[%clk 1:31:39]} 4. Nc3
{[%clk 1:31:37]} Nf6 {[%clk 1:32:01]} 5. Nf3 {[%clk 1:31:49]} O-O
{[%clk 1:32:26]} 6. Be2 {[%clk 1:31:45]} Bg4 {[%clk 1:32:50]} 7. O-O
{[%clk 1:24:14]} Nfd7 {[%clk 1:30:56]} 8. Be3 {[%clk 1:20:33]} Nc6
{[%clk 1:30:57]} 9. d5 {[%clk 1:17:54]} Bxf3 {[%clk 1:31:12]} 10. Bxf3
{[%clk 1:17:12]} Na5 {[%clk 1:31:27]} 11. Be2 {[%clk 1:07:50]} Bxc3
{[%clk 0:56:37]} 12. bxc3 {[%clk 1:06:07]} Nc5 {[%clk 0:52:58]} 13. Bxc5
{[%clk 1:02:29]} dxc5 {[%clk 0:53:23]} 14. f4 {[%clk 1:02:13]} e5
{[%clk 0:49:28]} 15. f5 {[%clk 0:49:52]} f6 {[%clk 0:45:36]} 16. fxg6
{[%clk 0:48:46]} hxg6 {[%clk 0:45:54]} 17. Rf3 {[%clk 0:43:15]} Kg7
{[%clk 0:31:23]} 18. Rg3 {[%clk 0:39:58]} Rh8 {[%clk 0:30:26]} 19. Qd3
{[%clk 0:35:56]} Qd6 {[%clk 0:26:47]} 20. Rf1 {[%clk 0:34:16]} Raf8
{[%clk 0:25:26]} 21. Bg4 {[%clk 0:28:41]} Rh6 {[%clk 0:23:40]} 22. Bf5
{[%clk 0:23:10]} Rfh8 {[%clk 0:14:56]} 23. Be6 {[%clk 0:14:57]} Rf8
{[%clk 0:13:24]} 24. Rgf3 {[%clk 0:13:17]} Qe7 {[%clk 0:13:34]} 25. Rg3
{[%clk 0:11:48]} b6 {[%clk 0:13:34]} 26. Rff3 {[%clk 0:11:44]} Nb7
{[%clk 0:11:11]} 27. Rg4 {[%clk 0:11:43]} Nd6 {[%clk 0:10:40]} 28. Rfg3
{[%clk 0:11:28]} Qe8 {[%clk 0:09:54]} 29. h4 {[%clk 0:09:37]} Rfh8
{[%clk 0:09:02]} 30. Bf5 {[%clk 0:07:45]} Nxf5 {[%clk 0:06:52]} 31. exf5
{[%clk 0:08:09]} Rxh4 {[%clk 0:05:23]} 32. Rxg6+ {[%clk 0:06:55]} Kf7
{[%clk 0:05:52]} 33. d6 {[%clk 0:05:34]} Rh1+ {[%clk 0:05:55]} 34. Kf2
{[%clk 0:05:55]} Qc6 {[%clk 0:06:19]} 35. Rg7+ {[%clk 0:05:42]} Kf8
{[%clk 0:06:35]} 36. d7 {[%clk 0:05:56]} 1-0

[Event "Ch France 2018 - Open B"]
[Site "?"]
[Date "2018.08.26"]
[Round "9.2"]
[White "Brouard, Gregoire"]
[Black "Grundman, Anatole"]
[Result "0-1"]
[BlackElo "1928"]
[WhiteElo "1898"]
[LiveChessVersion "1.4.8"]

1. d4 {[%clk 1:30:50]} Nf6 {[%clk 1:29:30]} 2. c4 {[%clk 1:31:14]} g6
{[%clk 1:29:46]} 3. Nc3 {[%clk 1:31:37]} Bg7 {[%clk 1:30:12]} 4. e4
{[%clk 1:32:02]} d6 {[%clk 1:30:38]} 5. Be2 {[%clk 1:32:27]} c5 {[%clk 1:30:43]}
6. d5 {[%clk 1:24:36]} O-O {[%clk 1:30:53]} 7. f4 {[%clk 1:24:22]} e6
{[%clk 1:31:12]} 8. Nf3 {[%clk 1:20:00]} exd5 {[%clk 1:31:37]} 9. cxd5
{[%clk 1:17:34]} Nbd7 {[%clk 1:31:49]} 10. O-O {[%clk 1:17:31]} Re8
{[%clk 1:32:11]} 11. e5 {[%clk 1:10:08]} dxe5 {[%clk 1:28:46]} 12. fxe5
{[%clk 1:10:29]} Ng4 {[%clk 1:14:31]} 13. e6 {[%clk 1:09:10]} Nde5
{[%clk 1:14:50]} 14. Ng5 {[%clk 1:07:29]} f5 {[%clk 0:41:20]} 15. h3 h6 16. hxg4
{[%clk 0:47:03]} Nxg4 {[%clk 0:24:42]} 17. g3 {[%clk 0:35:20]} Bd4+
{[%clk 0:23:36]} 18. Kg2 {[%clk 0:35:35]} hxg5 {[%clk 0:21:48]} 19. Bxg4
{[%clk 0:35:42]} fxg4 {[%clk 0:21:47]} 20. Qd2 {[%clk 0:28:32]} b5
{[%clk 0:15:40]} 21. Qxg5 {[%clk 0:21:18]} Qxg5 {[%clk 0:15:09]} 22. Bxg5
{[%clk 0:21:43]} Bxc3 {[%clk 0:11:39]} 23. bxc3 {[%clk 0:21:58]} Bb7
{[%clk 0:11:53]} 24. e7 {[%clk 0:21:31]} Bxd5+ {[%clk 0:12:16]} 25. Kg1
{[%clk 0:21:42]} Bf3 {[%clk 0:11:33]} 26. Rf2 {[%clk 0:20:56]} Kf7
{[%clk 0:09:54]} 27. Rh2 {[%clk 0:16:46]} Rh8 {[%clk 0:10:15]} 28. Bh4
{[%clk 0:16:46]} Rh5 {[%clk 0:10:27]} 29. Re1 {[%clk 0:16:07]} Re8
{[%clk 0:10:25]} 30. Rd2 {[%clk 0:10:37]} Rf5 {[%clk 0:07:52]} 31. Rd7
{[%clk 0:07:40]} g5 {[%clk 0:07:50]} 32. Bxg5 {[%clk 0:07:37]} Rxg5
{[%clk 0:08:12]} 33. Rxa7 {[%clk 0:07:55]} Rh5 {[%clk 0:08:19]} 34. Re3
{[%clk 0:07:52]} Rh1+ {[%clk 0:06:58]} 35. Kf2 {[%clk 0:08:04]} Rh2+
{[%clk 0:07:17]} 36. Kf1 {[%clk 0:07:33]} Rg2 {[%clk 0:06:41]} 37. Re5
{[%clk 0:07:28]} Kf6 {[%clk 0:05:12]} 38. Rxc5 {[%clk 0:07:39]} Rh8
{[%clk 0:02:40]} 39. e8=N+ {[%clk 0:05:45]} Rxe8 {[%clk 0:02:31]} 40. Ra6+
{[%clk 0:03:45]} Re6 {[%clk 0:01:52]} 41. Rxe6+ {[%clk 0:02:26]} Kxe6
{[%clk 0:02:16]} 42. Rxb5 {[%clk 0:02:25]} Rxa2 {[%clk 0:02:14]} 43. Rg5
{[%clk 0:00:50]} Rc2 {[%clk 0:26:52]} 44. Rc5 {[%clk 0:30:39]} Rg2
{[%clk 0:26:17]} 45. Rh5 {[%clk 0:29:41]} Rxg3 {[%clk 0:25:47]} 46. Rh2
{[%clk 0:29:58]} Rh3 {[%clk 0:22:17]} 0-1